书目信息 |
| 题名: |
美国文化简史:19-20世纪美国转折时期的巨变
|
|
| 作者: | 施袁喜 编译 | |
| 分册: | ||
| 出版信息: | 中央编译出版社 2006 |
|
| 页数: | 280页 | |
| 开本: | 16开 | |
| 丛书名: | 人文悦读 | |
| 单 册: | ||
| 中图分类: | K712.03 | |
| 科图分类: | ||
| 主题词: | ||
| 电子资源: | ||
| ISBN: | 7-80211-293-1 | |
| 000 | 01615oam2 2200229 450 | |
| 001 | 1234981845 | |
| 005 | 20150117091541.60 | |
| 010 | @a7-80211-293-1@dCNY28.00 | |
| 100 | @a20070104d2006 em y0chiy0110 ea | |
| 101 | 0 | @achi |
| 105 | @ay z 000yy | |
| 200 | 1 | @a美国文化简史:19-20世纪美国转折时期的巨变@AMei Guo Wen Hua Jian Shi 19-20 Shi Ji Mei Guo Zhuan Zhe Shi Qi De Ju Bian@f施袁喜编译 |
| 210 | @c中央编译出版社@d2006 | |
| 215 | @a280页@d16开 | |
| 225 | 2 | @a人文悦读@ARen Wen Yue Du |
| 327 | 0 | @a第一章 19世纪的美国人@a一、美国精神的历史渊源@a二、务实与乐观@a三、自由与平等@a四、哲学思想的创新@a五、单纯的道德观念@a第二章 转折的年代@a一、转折时期@a二、新时代的历史问题@a第三章 转折年代的文学与新闻学@a一、文学变迁@a二、新闻浪潮@a第四章 进化哲学与实用主义大行其道@a一、告别传统哲学@a二、被宣扬的进化论@a三、实用主义风潮@a四 庸俗实用主义的流行@a第五章 宿命论与非理性崇拜@a一、科学中的宿命论@a二、文学中的宿命论@a三、美学中的非理性@a四、 |
| 330 | @a作为世界头号强国,美国是如何崛起的?是什么样的传统、信仰和思想支撑了这种崛起?在崛起的过程中,整个美国社会经历了怎样的动荡、危机、冲突与改革,美国的知识界又进行了怎样的争论、批判、思考与探索?美国人民到底是怎样的人民?美国精神到底是一种什么样的精神?这就是作者力图回答的问题。本书以美国精神的历史渊源开篇,用生动而细腻的笔调全景式地描述了美国1 9世纪后半期到20世纪40年代大转折时期的社会、文化、艺术、媒体、道德、法律和政治发展,总结了那个时期产生,并迄今依然发挥影响力的哲学、宗教、社会学、经济学、历史学 | |
| 461 | 0 | @12001 @a人文悦读 |
| 690 | @aK712.03@v4 | |
| 701 | 0 | @a施袁喜@AShi Yuan Xi@4编译 |
| 801 | 0 | @aCN@bTSSF@c20150117 |
| 905 | @a10447@dK712.03@eJY37 | |
| 美国文化简史:19-20世纪美国转折时期的巨变/施袁喜编译.-中央编译出版社,2006 |
| 280页;16开.-(人文悦读) |
| 部分内容:第一章 19世纪的美国人;一、美国精神的历史渊源;二、务实与乐观;三、自由与平等;四、哲学思想的创新;五、单纯的道德观念;第二章 转折的年代;一、转折时期;二、新时代的历史问题;第三章 转折年代的文学与新闻学;一、文学变迁;二、新闻浪潮;第四章 进化哲学与实用主义大行其道;一、告别传统哲学;二、被宣扬的进化论;三、实用主义风潮;四 庸俗实用主义的流行;第五章 宿命论与非理性崇拜;一、科学中的宿命论;二、文学中的宿命论;三、美学中的非理性;四、 |
| ISBN 7-80211-293-1:CNY28.00 |
| 作为世界头号强国,美国是如何崛起的?是什么样的传统、信仰和思想支撑了这种崛起?在崛起的过程中,整个美国社会经历了怎样的动荡、危机、冲突与改革,美国的知识界又进行了怎样的争论、批判、思考与探索?美国人民到底是怎样的人民?美国精神到底是一种什么样的精神?这就是作者力图回答的问题。本书以美国精神的历史渊源开篇,用生动而细腻的笔调全景式地描述了美国1 9世纪后半期到20世纪40年代大转折时期的社会、文化、艺术、媒体、道德、法律和政治发展,总结了那个时期产生,并迄今依然发挥影响力的哲学、宗教、社会学、经济学、历史学 |
| ● |
| 相关链接 |
|
|
|
|
正题名:美国文化简史:19-20世纪美国转折时期的巨变
索取号:K712.03/JY37
 
预约/预借
| 序号 | 登录号 | 条形码 | 馆藏地/架位号 | 状态 | 备注 |
| 1 | 7832296 | 278322968 | 学院路分馆/ [索取号:K712.03/JY37] | 在馆 | |
| 2 | 7851572 | 278515723 | 学院路分馆/ [索取号:K712.03/JY37] | 在馆 |